<?xml version="1.0" encoding="UTF-8"?>
<record
    xmlns:xsi="http://www.w3.org/2001/XMLSchema-instance"
    xsi:schemaLocation="http://www.loc.gov/MARC21/slim http://www.loc.gov/standards/marcxml/schema/MARC21slim.xsd"
    xmlns="http://www.loc.gov/MARC21/slim">

  <leader>01462nam a22002057a 4500</leader>
  <controlfield tag="005">20250215112416.0</controlfield>
  <controlfield tag="008">250215b           ||||| |||| 00| 0 eng d</controlfield>
  <datafield tag="020" ind1=" " ind2=" ">
    <subfield code="a">9789356403383</subfield>
  </datafield>
  <datafield tag="040" ind1=" " ind2=" ">
    <subfield code="c">AL</subfield>
  </datafield>
  <datafield tag="041" ind1=" " ind2=" ">
    <subfield code="a">eng</subfield>
  </datafield>
  <datafield tag="082" ind1=" " ind2=" ">
    <subfield code="2">23</subfield>
    <subfield code="a">339</subfield>
    <subfield code="b">GOTM</subfield>
  </datafield>
  <datafield tag="100" ind1=" " ind2=" ">
    <subfield code="a">Nils Gottfries</subfield>
    <subfield code="9">199968</subfield>
  </datafield>
  <datafield tag="245" ind1=" " ind2=" ">
    <subfield code="a">Macroeconomics</subfield>
  </datafield>
  <datafield tag="260" ind1=" " ind2=" ">
    <subfield code="a">New Delhi</subfield>
    <subfield code="b">Bloomsbury</subfield>
    <subfield code="c">2023</subfield>
  </datafield>
  <datafield tag="300" ind1=" " ind2=" ">
    <subfield code="a">xxxvi,539p</subfield>
    <subfield code="b">PB</subfield>
    <subfield code="c">24x18cm.</subfield>
  </datafield>
  <datafield tag="365" ind1=" " ind2=" ">
    <subfield code="2">General</subfield>
    <subfield code="a">6383</subfield>
    <subfield code="b">&#x20B9;639.20</subfield>
    <subfield code="c">&#x20B9;</subfield>
    <subfield code="d">&#x20B9;799.00</subfield>
    <subfield code="e">20%</subfield>
    <subfield code="f">6/02/2025</subfield>
  </datafield>
  <datafield tag="520" ind1=" " ind2=" ">
    <subfield code="a">Macroeconomics' presents a new approach to macroeconomics, based on microeconomic foundations combined with Keynesian-style short-run policy analysis. The book features: a pronounced international stance, systematically presenting data from several countries; consistent treatment of the long and short run and the closed and open economy; a highly relevant approach that takes account of market imperfections and rigidities, which characterize real economies; up-to-date chapters on EMU, business cycles, institutions and policy, and financial markets and crises; end of chapter summaries, exercises with varying levels of difficulty, plus appendices providing extension material Written in a clear and direct style, Gottfries's 'Macroeconomics' is the ideal textbook for students who seek a thorough understanding of modern macroeconomics in preparation for work or further study"--provided by publisher</subfield>
  </datafield>
  <datafield tag="650" ind1=" " ind2=" ">
    <subfield code="2">Economics</subfield>
    <subfield code="a">Macroeconomics</subfield>
    <subfield code="9">199969</subfield>
  </datafield>
  <datafield tag="942" ind1=" " ind2=" ">
    <subfield code="2">ddc</subfield>
    <subfield code="c">BK</subfield>
  </datafield>
  <datafield tag="999" ind1=" " ind2=" ">
    <subfield code="c">233799</subfield>
    <subfield code="d">233799</subfield>
  </datafield>
  <datafield tag="952" ind1=" " ind2=" ">
    <subfield code="0">0</subfield>
    <subfield code="1">0</subfield>
    <subfield code="2">ddc</subfield>
    <subfield code="4">0</subfield>
    <subfield code="7">0</subfield>
    <subfield code="8">ECO</subfield>
    <subfield code="a">SACPG</subfield>
    <subfield code="b">SACPG</subfield>
    <subfield code="d">2025-02-11</subfield>
    <subfield code="e">Biblios Book Point</subfield>
    <subfield code="g">639.20</subfield>
    <subfield code="l">0</subfield>
    <subfield code="o">339 GOTM</subfield>
    <subfield code="p">PG024920</subfield>
    <subfield code="r">2025-02-15 00:00:00</subfield>
    <subfield code="v">799.00</subfield>
    <subfield code="w">2025-02-15</subfield>
    <subfield code="y">BK</subfield>
  </datafield>
</record>
